000 00508nam a2200205Ia 4500
005 20260220100435.0
008 008 250917s9999 xx 000 0 eng d
020 _a978-1-108-46393-5
037 _cDSWL
040 _aDSWL
_beng
_cDSWL
041 _aeng
_2eng
084 _qDSWL
100 _aCupchik, G C
_91116419
245 4 _aAesthetics of Emotion
260 _aNew York,
_bCambridge,
_c2016
300 _axxv,387p.
365 _aINR
_b2995
942 _cTEXL
_2CC
999 _c1463844
_d1463844